| 000 | 00952cab a22002415a 4500 | ||
|---|---|---|---|
| 001 | L148405 | ||
| 008 | 090914e20090724xxk dof 000 0 eng d | ||
| 035 | _a(Sirsi) u148405 | ||
| 041 | 0 | _aeng | |
| 100 | 1 | _aShepherd, Mark | |
| 245 | 0 | 0 |
_aRegional report _bCentral London |
| 260 | _v2009 | ||
| 490 | 0 |
_aProperty Week _v75(30) 24 July 2009, 53-60(5) |
|
| 520 | _aKey London figures are asked what they want to see in the new draft London Plan to be published in October 2009. Veteran agent Harvey Sonning gives an upbeat forecast for West End commercial property investment. With sterling strengthening against the euro and the dollar European investors might lose interest in London. Charts. Table. | ||
| 590 | _aKA | ||
| 651 | 4 | _aLondon | |
| 690 | _aPROPERTY-COMMERCIAL PROPERTY-COMMERCIAL PROPERTY MARKET | ||
| 700 | 1 | _aHatcher, David | |
| 700 | 1 | _aBarrie, Giles | |
| 700 | 1 | _aRigby, Jennifer | |
| 700 | 1 | _aHipwell, Deidre | |
| 942 | _n0 | ||
| 999 |
_c81827 _d81827 |
||